Open Data Biblioteca Nacional de Portugal


República Portuguesa: Ministério da Cultura
Biblioteca Nacional de Portugal

Catálogo da BNP: acesso por Identificadores Unívocos
Registos Bibliográficos associados ao registo de autoridade

Etiqueta de registo: 00000nam 2200025 450
001 2287966
003 http://id.bnportugal.gov.pt/bib/catbnp/2287966
100 ## $a20260616d2026 k y0pory01030103ba
101 0# $aeng$dpor
102 ## $aPT
105 ## $aa m 000yy
106 ## $ar
200 1# $a The use of nature-based solutions for urban climate adaptation$e the case study of Penang Island$fSofia Rita Machado Bicha Castelo$gorient. Miguel José das Neves Pires Amado, Filipa Maria Santos Ferreira
210 #9 $aLisboa$c[s.n.],$d2026
215 ## $a137 f.$cil.$d30 cm
328 #1 $aTese dout. Climate Change and Sustainable Development Policies (Environmental Engineering), Instituto Superior Técnico, Universidade de Lisboa, 2026
700 #1 $aCastelo,$bSofia Rita Machado Bicha$32000708
702 #1 $aAmado,$bMiguel José das Neves Pires,$f1959-$4727$3274229
702 #1 $aFerreira,$bFilipa Maria Santos$4727$3981601
801 #0 $aPT$bBN$gRPC
966 ## $lBN$mFGMON$x1
971 ## $corlando$d20260616

OpendataBNP@bnportugal.pt | Mais informação sobre acesso aos dados BNP